00975nam a2200217 a 450000100100000000500170001000800410002702000150006804000250008310000370010824501520014526000570029730000280035449000470038250000210042950400730045071000560052383000560057995201050063599900170074000004179220201002035746.0131016s1993 sp 001 0 spa d a8400071239 aDO-SdBNPbspacBNPHU1 aDíaz Borrás, Andrés96558210aLos orígenes de la piratería islámica en Valencia :bla ofensiva musulmana trecentista y la reacción cristiana /cAndrés Díaz Borrás. aBarcelona :bInstitució Milà i Fontanals,c1993. aXXIII, 335 p. ;c25 cm.1 aAnuario de estudios medievales.aanejov28 aIncluye índice aIncluye referencias bibliográficas y notas al pie de las páginas2 aInstitución Milá y Fontanals (Barcelona)968486 0aAnuario de estudios medievales.pAnejo ;v28964050 001050718MOaGRbGRcCTd2013-10-17iLF1l0o p41792-10r2020-06-25w2020-06-25y1ZNo se presta c41281d41281